El abate Molina: uno de los precursores de Darwin

Αποθηκεύτηκε σε:
Λεπτομέρειες βιβλιογραφικής εγγραφής
Κύριος συγγραφέας: Espinosa, Januario (Συγγραφέας)
Μορφή: Βιβλίο
Γλώσσα:Ισπανικά
Έκδοση: Santiago Zig-Zag 1946
Έκδοση:1a. ed
Σειρά:Colección Biografías
Θέματα:
Ετικέτες: Προσθήκη ετικέτας
Δεν υπάρχουν, Καταχωρήστε ετικέτα πρώτοι!

MARC

LEADER 00000cam a2200000 a 4500
001 UCP6360
003 CL-VaPUC
008 991022e19460000CL |||||||||||||||||spa|d
082 0 4 |a 925.7  |b ESP  |2 21 
100 0 |a Espinosa, Januario  |e author  |9 435455 
245 1 3 |a El abate Molina: uno de los precursores de Darwin 
250 |a 1a. ed 
300 |a 191 p 
942 |c BK 
945 |d 19991022 00:00:00  |a lriquelm 
260 |a Santiago  |b Zig-Zag  |c 1946 
600 0 |a Molina, Juan Ignacio,  |d 1740-1829  |q Molina, Giovanni Ignazio  |9 329528 
600 0 |a Darwin Charles  |9 398 
650 0 |a Naturalistas  |9 435456 
650 0 |a Biografías  |9 255210 
651 7 |a CHILE  |2 CL-VaPUC  |9 435457 
583 |a last modification  |c 20130320 01:51:58  |k Rodrigo Vera 
490 0 |a Colección Biografías 
999 |c 283947  |d 283945 
952 |0 0  |1 0  |4 0  |6 925_700000000000000_ESP_1946  |7 0  |8 X  |9 327505  |a BIBHIS  |b BIBHIS  |d 2019-11-20  |i 1383205  |o 925.7 ESP 1946  |p 1383205  |r 2024-01-30  |w 2019-11-20  |y BK_X  |k HIS 
952 |0 0  |1 0  |4 0  |6 925_700000000000000_ESP_1946  |7 0  |8 X  |9 327506  |a FDOBUD  |b FDOBUD  |d 2019-11-20  |i 1029126  |o 925.7 ESP 1946  |p 1029126  |r 2019-11-20  |w 2019-11-20  |y BK_X  |k BUD 
952 |0 0  |1 0  |4 0  |6 925_700000000000000_ESP_1946  |7 0  |8 P  |9 327507  |a BIBEDU  |b BIBEDU  |c BIBEDU_PB  |d 2019-11-20  |i 4957083  |o 925.7 ESP 1946  |p 4957083  |r 2024-01-25  |w 2019-11-20  |y BK  |k LIT